000 00359 a2200169 4500
001 49884
020 _a8530502280
040 _cAnchieta - Bela Vista
100 _aBelinky, Tatiana
240 1 0 _aDiversidade
_lpor
245 1 0 _aDiversidade
300 _a37
362 0 _a1999
440 1 _aQuinteto
650 4 _aLiteratura infanto-juvenil
942 _cBK
999 _c49884
_d49884